000 01325cam a22003497a 4500
003 CHAP
005 20220329142601.0
008 010920d2001 mx r 00110 spa d
010 _a85280
011 _a86252
035 _a96790
040 _cCHAP
090 _aTesis
100 0 0 _aCarrillo Pech, Martha María.
_919525
245 1 0 _aHongos asociados al patosistema silvestre de la zarzamora (Rubus sp.) en el transecto Tulancingo, Hidalgo - Huauchinango, Puebla, México
_c/por Martha María Carrillo Pech
260 _aChapingo, Méx. :
_bEl autor,
_c2001.
300 _a58 h. :
_bilus.
502 _aTesis(Ing. Agr. Esp. en Parasitología Agrícola) -- UACH. Departamento de Parasitología Agrícola
590 _aALEPH
_b10
_c20130110
_lUCH01
_h1446
590 _aBATCH-UPD
_b10
_c20130110
_lUCH01
_h0417
590 _aBATCH-UPD
_b10
_c20130410
_lUCH01
_h0051
590 _aBATCH-UPD
_b10
_c20130914
_lUCH01
_h0852
590 _aCONVERSION
_b10
_c20130109
_lUCH01
_h1347
650 1 4 _aZarzamora
_xEnfermedades por hongos.
_9123735
650 1 4 _aZarzamora
_zHidalgo.
_9123750
650 1 4 _aZarzamora
_zPuebla.
_9123751
901 _aBK
905 _aAlejandra Carrasco M.
942 _cFOLL
949 _aTesis
_bBC
_cTES
_d33724000863197
_eTS2
_fc.2
_h39143
_i96790
_si
949 _aTesis
_bBC
_cTES
_d967901
_eTS1
_h39142
_i96790
_sb
999 _c85280
_d85280